000
00294nam a22001337a 4500
008
171030b xxu||||| |||| 00| 0 eng d
020
_a
2900077427688
041
_a
eng
080
_2
7 ED
_a
336
100
_a
57
101
_a
FIN
245
_a
CORPORATE FINANCE
_c
ROSS,W,J
942
_2
udc
_c
BK
999
_c
36399
_d
36399